Manuales de medicina práctica (Record no. 113076)

MARC details
000 -LEADER
campo de control de longitud fija 00662nam a2200193 4500
001 - NÚMERO DE CONTROL
campo de control 113076
003 - IDENTIFICADOR DE NÚMERO DE CONTROL
campo de control ES-MaACL
005 - FECHA Y HORA DE LA ÚLTIMA TRANSACCIÓN
campo de control 20230906185739.0
007 - CAMPO FIJO DE DESCRIPCIÓN FÍSICA--INFORMACIÓN GENERAL
campo de control de longitud fija t|
008 - DATOS DE LONGITUD FIJA--INFORMACIÓN GENERAL
campo de control de longitud fija 061121s1944 sp r ||||1| spa d
100 1# - ENTRADA PRINCIPAL--NOMBRE DE PERSONA
Nombre de persona Mussio Fournier, J. C.
9 (RLIN) 84696
245 10 - MENCIÓN DEL TÍTULO
Título Manuales de medicina práctica
Resto del título : piel anexos y glándulas endocrinas /
Mención de responsabilidad, etc. por los doctores J. C. Mussio Fournier , Raúl A. Piaggio Blanco y José María Cerviño.
250 ## - MENCION DE EDICION
Mención de edición 1ª ed.
260 ## - PUBLICACIÓN, DISTRIBUCIÓN, ETC.
Lugar de publicación, distribución, etc. Barcelona :
Nombre del editor, distribuidor, etc. Salvat,
Fecha de publicación, distribución, etc. 1944.
300 ## - DESCRIPCIÓN FÍSICA
Extensión 192 p. ;
Dimensiones 23 cm.
700 1# - ENTRADA AGREGADA--NOMBRE PERSONAL
Nombre de persona Piaggio Blanco, Raúl A.
9 (RLIN) 91742
700 1# - ENTRADA AGREGADA--NOMBRE PERSONAL
Nombre de persona Cerviño, José María.
9 (RLIN) 37665
852 ## - LOCALIZACIÓN
Ubicación ES-MaACL
Número de control de estantería E-867
Sublocalización o colección R.20803
Holdings
Estatus retirado Estado de pérdida Estado de daño No para préstamo Biblioteca de origen Biblioteca actual Ubicación en estantería Fecha de adquisición Fuente de adquisición Total de préstamos Signatura topográfica completa Código de barras Visto por última vez Precio de reemplazo Tipo de ítem Koha
        Biblioteca del Ateneo de Madrid Biblioteca del Ateneo de Madrid Depósito 2 17/01/2008     E-867 1117947 23/02/2023 23/02/2023 Libro impreso